1085 1294 1509 1736 1863 1294 1433 1222 1882 1534 1485 1005 1458 1850 1499 1382 1834 1088 1716 1360 1976 1789 1417 1397 1367 1676 1658 1312 1351 1146 1518 1435 1205 1695 1348 1500 1708 1734 1301 1424 1061 1521 1781 1836 1996 1983 1511 1865 1942 1638 1614 1614 1427 1448 1478 1397 1973 1259 1751 1886 1076 1260 1286 1304 1684 1518 1080 1620 1479 1236 1941 1497 1551 1666 1850 1048 1419 1514 1433 1934 1761 1415 1582 1349 1103 1018 1218 1956 1270 1071 1172 1046 1428 1297 1380 1978 1681 1983 1428 BCNSPRNW ULIB Ver.6.0+V

เปลี่ยนเป็นภาษาไทย

Change to English
 แสดงรายละเอียดบรรณานุกรม
  กลับหน้าหลัก

Brief Record : Get Marc (ISO 2709) : E-mail record : QR code < ปิดหน้าต่าง
LEADER : 00000nam 2200000uu 4500
001    13399115197
003     ULIB
008    120725s2552||||th 000 0 tha d
020    ^a9786115120239
050 04 ^aTX879^bส165ศ 2552
100 0  ^aสมบุญ ผิวละออ
245 10 ^aศิลปะการตัดกระดาษเป็นลวดลาย /^cสมบุญ ผิวละออ
250    ^aพิมพ์ครั้งที่ 1
260    ^aกรุงเทพฯ :^bวิจิตรศิลป์,^c2552
300    ^a64 หน้า :^bภาพประกอบ
650  7 ^aการตัดกระดาษ
945    ^p0^l0^i17743
995    ^aกัณชพร
999    ^aใช้งานได้ทุกระบบ
รายการนี้ยังไม่มีแท็ก
คุณยังไม่ได้ล็อกอิน คุณสามารถมีกิจกรรมร่วมกับเว็บไซต์ได้ แต่ต้องล็อกอินก่อน ::
  ล็อกอิน

รายการสื่อสารสนเทศ

ลำดับที่ ประเภท เลขเรียก/บาร์โค้ด สถานที่ สถานะ
- ไม่พบข้อมูล -

BibComment


ยังไม่เคยถูกคอมเมนท์

คอมเมนท์ทรัพยากรรายการนี้
  คอมเมนท์: ศิลปะการตัดกระดา..


 Copyright 2026. Bcnsprnw @Library